| 000 | 01189nam0a22003011 4500 | ||
|---|---|---|---|
| 001 | rc\3782036 | ||
| 005 | 20250530050612.0 | ||
| 021 |
_aRU _b[75-99324] |
||
| 035 | _a(NLR Aleph) 007236519 | ||
| 090 |
_a7743620 _c7743620 |
||
| 100 | _a20120207d1975 |||y0rusy50 ca | ||
| 101 | 1 |
_arus _cger |
|
| 102 | _aRU | ||
| 105 | _aa z ||||| | ||
| 200 | 1 |
_aКвантовая биохимия для химиков и биологов _fЯ. Ладик _gПеревод с нем. А.С. Фохта |
|
| 210 |
_aМосква _cМир _d1975 |
||
| 215 |
_a256 с. _cил. _d20 |
||
| 311 | _aПер. изд.: Quantenbiochemie für Chemiker und Biologen / von János Ladik (Budapest, 1972) | ||
| 320 | _aСписок лит.: с. 250-254 (123 назв.) | ||
| 454 | 0 |
_12001#$aQuantenbiochemie für Chemiker und Biologen$fVon János Ladik _1210##$aBudapest$d1972 _1700#1$aLadik$bJ.$gJános _tQuantenbiochemie für Chemiker und Biologen _aLadik, János |
|
| 606 |
_aКвантовая биохимия _2psbo |
||
| 700 | 1 |
_aЛадик _bЯ. _gЯнош |
|
| 702 | 1 |
_aФохт _bА.С. _4730 |
|
| 801 | 0 |
_aRU _bNLR _gpsbo |
|
| 801 | 1 |
_aRU _bELAR _2rusmarc |
|
| 852 |
_aNLR _j76-8/1449 |
||
| 942 | _cBOOK | ||
| 980 | _aNB | ||